000 00549nam a22001817a 4500
005 20180601143059.0
010 _aA-937300
020 _a8126002948
_c100.00
035 _aA-937300
037 _bBPPD/PUB
082 _a880.8
245 _aNon-fictional Indian prose in english/
_cedited by Shyamala A. Narayan
260 _aDelhi
_bSahitya Akademi
_c1998
270 _aRabindra Bhawan, 35, Ferozeshah Road
_bDelhi
_e110001
300 _axxiv, 224p.
_c22cm(Hb)
700 _aNarayan, Shyamala A.
942 _2ddc
_cEN
_mNON
_h880.8
999 _c152491
_d152491